[Event "Mittelfranken Landesliga Nord 2122"]
[Site "Mittelfranken"]
[Date "2021.11.14"]
[Round "2.5"]
[White "Finster, Michael"]
[Black "Link, Robert"]
[Result "1/2-1/2"]
[WhiteElo "2074"]
[BlackElo "1857"]
[PlyCount "68"]
[EventDate "2021.10.24"]
[EventType "team-tourn"]
[EventRounds "9"]
[EventCountry "GER"]
[SourceTitle "EXT 2024"]
[Source "ChessBase"]
[SourceDate "2023.10.10"]
[SourceVersion "1"]
[SourceVersionDate "2023.10.10"]
[SourceQuality "1"]
[WhiteTeam "Herzogenaurach"]
[BlackTeam "Klingenberg"]
[WhiteTeamCountry "GER"]
[BlackTeamCountry "GER"]

1. e4 c5 2. Nc3 e6 3. g3 Nc6 4. Bg2 a6 5. a4 Qc7 6. d3 Nf6 7. f4 d6 8. Nf3 Be7 9. 0-0 0-0 10. h3 Rb8 11. g4 b5 12. axb5 axb5 13. Ne2 Bb7 14. Ng3 Ra8 15. Rb1 Rfc8 16. g5 Nd7 17. h4 Nd4 18. h5 d5 19. g6 fxg6 20. hxg6 hxg6 21. c3 dxe4 22. dxe4 Nxf3+ 23. Qxf3 Nf6 24. Be3 c4 25. Bd4 Bc5 26. Bh3 Re8 27. Qe3 Rac8 28. Rbd1 Qc6 29. Rf2 Rc7 30. Bxc5 Qxc5 31. Qxc5 Rxc5 32. e5 Ne4 33. Nxe4 Bxe4 34. Rd6 Bf5 1/2-1/2

[Event "Landesliga Nord 1819"]
[Site "Bayern"]
[Date "2019.01.20"]
[Round "5.8"]
[White "Link, Robert"]
[Black "Stoeckl, Maximilian"]
[Result "1-0"]
[WhiteElo "1858"]
[BlackElo "1708"]
[PlyCount "55"]
[EventDate "2018.10.21"]
[EventType "team-tourn"]
[EventRounds "9"]
[EventCountry "GER"]
[SourceTitle "EXT 2022"]
[Source "ChessBase"]
[SourceDate "2021.10.06"]
[SourceVersion "1"]
[SourceVersionDate "2021.10.06"]
[SourceQuality "1"]
[WhiteTeam "Klingenberg"]
[BlackTeam "Schwandorf"]
[WhiteTeamCountry "GER"]
[BlackTeamCountry "GER"]

1. d4 Nf6 2. c4 e6 3. Nf3 c5 4. d5 exd5 5. cxd5 d6 6. Nc3 g6 7. e4 Bg7 8. Be2 0-0 9. 0-0 Bg4 10. h3 Bxf3 11. Bxf3 Nbd7 12. Be2 a6 13. a4 Re8 14. Qc2 Qc7 15. f4 c4 16. Be3 Nc5 17. e5 Nb3 18. Rad1 dxe5 19. d6 Qd7 20. fxe5 Rxe5 21. Bf4 Rc5 22. Bxc4 Na5 23. Ba2 Nc6 24. Qf2 Rf5 25. Qd2 Rd8 26. g4 Ra5 27. Bg5 Nxg4 28. Rxf7 1-0

[Event "Erfurt op-B 28th"]
[Site "Erfurt"]
[Date "2018.12.29"]
[Round "7"]
[White "Link, Robert"]
[Black "Fleischmann, Yannic"]
[Result "0-1"]
[WhiteElo "1979"]
[BlackElo "1785"]
[PlyCount "78"]
[EventDate "2018.12.26"]
[EventType "swiss"]
[EventRounds "8"]
[EventCountry "GER"]
[SourceTitle "EXT 2021"]
[Source "ChessBase"]
[SourceDate "2020.10.23"]
[SourceVersion "1"]
[SourceVersionDate "2020.10.23"]
[SourceQuality "1"]

1. d4 Nf6 2. c4 e6 3. Nf3 Bb4+ 4. Nbd2 0-0 5. e3 Be7 6. e4 d5 7. e5 Nfd7 8. Bd3 c5 9. 0-0 Nc6 10. Re1 Qc7 11. Qc2 h6 12. cxd5 exd5 13. b3 cxd4 14. Bb2 Nc5 15. Bh7+ Kh8 16. b4 Ne6 17. Bf5 Qb6 18. Nb3 d3 19. Bxd3 Nf4 20. Bf1 Bg4 21. Nfd4 Rac8 22. Qb1 Ne6 23. Qd3 Ncxd4 24. Nxd4 Bc5 25. bxc5 Qxb2 26. Nxe6 fxe6 27. Qe3 d4 28. Qg3 Bf5 29. Rec1 Rcd8 30. Bc4 d3 31. Rd1 Rd4 32. Rab1 Qc3 33. Bb5 Qxc5 34. Rb2 a6 35. Bxa6 bxa6 36. Rb7 Rg4 37. Qf3 Qxe5 38. h3 Rd4 39. g4 Qe2 0-1

[Event "Erfurt op-B 28th"]
[Site "Erfurt"]
[Date "2018.12.28"]
[Round "4"]
[White "Link, Robert"]
[Black "Bauer, Timon"]
[Result "1/2-1/2"]
[WhiteElo "1979"]
[BlackElo "1829"]
[PlyCount "87"]
[EventDate "2018.12.26"]
[EventType "swiss"]
[EventRounds "8"]
[EventCountry "GER"]
[SourceTitle "EXT 2021"]
[Source "ChessBase"]
[SourceDate "2020.10.23"]
[SourceVersion "1"]
[SourceVersionDate "2020.10.23"]
[SourceQuality "1"]

1. d4 Nf6 2. c4 e6 3. Nf3 b6 4. g3 Ba6 5. b3 Bb4+ 6. Bd2 Bxd2+ 7. Nbxd2 Bb7 8. Bg2 0-0 9. 0-0 c5 10. Qc2 cxd4 11. Nxd4 Bxg2 12. Kxg2 Nc6 13. N2f3 Nxd4 14. Nxd4 Qc7 15. Qd3 Rfd8 16. Rac1 Qb7+ 17. Kg1 d5 18. Rfd1 dxc4 19. Qxc4 Rac8 20. Nb5 Rxd1+ 21. Rxd1 h5 22. Qd3 Rc5 23. Qd8+ Kh7 24. Nd6 Qc7 25. Qxc7 Rxc7 26. Rd2 Rd7 27. e4 e5 28. f3 Kg6 29. Kf2 Ne8 30. Nc4 Rxd2+ 31. Nxd2 Nd6 32. Ke3 Kf6 33. Kd3 Ke6 34. Nc4 Nb5 35. b4 g5 36. a4 Nd4 37. Nxe5 Kxe5 38. f4+ gxf4 39. gxf4+ Kxf4 40. Kxd4 f6 41. Kd5 h4 42. a5 bxa5 43. bxa5 h3 44. a6 1/2-1/2

[Event "Regionalliga Nord-West 1718"]
[Site "Bayern"]
[Date "2017.11.26"]
[Round "3.7"]
[White "Stumpf, Alexander"]
[Black "Link, Robert"]
[Result "0-1"]
[WhiteElo "1727"]
[BlackElo "1842"]
[PlyCount "90"]
[EventDate "2017.10.22"]
[EventType "team-tourn"]
[EventRounds "9"]
[EventCountry "GER"]
[SourceTitle "EXT 2022"]
[Source "ChessBase"]
[SourceDate "2021.10.06"]
[SourceVersion "1"]
[SourceVersionDate "2021.10.06"]
[SourceQuality "1"]
[WhiteTeam "Bad Neustadt"]
[BlackTeam "Klingenberg"]
[WhiteTeamCountry "GER"]
[BlackTeamCountry "GER"]

1. e4 c5 2. Nf3 d6 3. d4 cxd4 4. Nxd4 Nf6 5. Nc3 a6 6. Bd3 Nc6 7. Nxc6 bxc6 8. 0-0 e5 9. Qe2 Be7 10. b3 0-0 11. h3 Qc7 12. Bc4 Bb7 13. Bb2 d5 14. Bd3 Rfe8 15. Rad1 Bd6 16. Qf3 Rad8 17. g4 Bb4 18. g5 Bxc3 19. Bxc3 Nxe4 20. Bxe4 dxe4 21. Qf5 c5 22. Rxd8 Qxd8 23. Qg4 Bc8 24. Qg3 Qd5 25. Qe3 Rf8 26. Kh2 f5 27. Re1 Bb7 28. Qe2 Rd8 29. Rg1 Rd6 30. h4 Bc8 31. Re1 Be6 32. Qe3 Bf7 33. Kg1 Bh5 34. b4 Rc6 35. bxc5 Qxc5 36. Qxc5 Rxc5 37. Bb4 Rxc2 38. a3 Bf3 39. Bd6 Ra2 40. Bxe5 Rxa3 41. Rc1 Rd3 42. Rc7 Rd5 43. Rxg7+ Kf8 44. Bf6 Rd1+ 45. Kh2 f4 0-1